000 01228nas a2200277Ia 4500
001 R300-R7348
003 IT-CnALBA
008 170116c99999999xx |||||||||||| ||und||
040 _aIT-CnALBA
_cIT-CnALBA
041 _aITALIANO
100 _aREGUZZONI MARIO
210 _aAGGIORNAMENTI SOCIALI
222 _aAGGIORNAMENTI SOCIALI
245 0 _aAGGIORNAMENTI SOCIALI. DICEMBRE 1978.
250 _a1a ed.
260 _aMILANO
_bSTUDI SOCIALI CENTRO
_c1978 [1° Ed.:1978 - Ed.Ling.Originale: 1978]
300 _a96 p.
310 _aMENSILE
362 _aFascicolo: 12 / Anno: 29 (1978)
500 _aPROGRESSO TECNOLOGICO E SCUOLA. CRISI IN IRAN. PARTECIPAZIONE SOCIALE. LAVORO PART TIME. AUTOREGOLAMENTAZIONE DELLO SCIOPERO. CRISI E SOCIETÀ IN ITALIA. PROMOZIONE UMANA. INDICE ANALITICO E GENERALE ANNATA.
501 _aSocietà San Paolo EM - Piazza San Paolo, 14 - 12051 ALBA (CN) (non commercial uses only) ® Copyright 2017
520 _aPROGRESSO TECNOLOGICO E SCUOLA. CRISI IN IRAN. PARTECIPAZIONE SOCIALE. LAVORO PART TIME. AUTOREGOLAMENTAZIONE DELLO SCIOPERO. CRISI E SOCIETÀ IN ITALIA. PROMOZIONE UMANA. INDICE ANALITICO E GENERALE ANNATA.
650 _aSOCIOLOGIA
942 _cCR
957 _71
999 _a58915
_bNO
_g1
_c325942
_d325942